[Event "14th Vandoeuvre Open 2018"]
[Site "?"]
[Date "2018.01.03"]
[Round "4"]
[White "Fedorchuk, Sergey A"]
[Black "Doluhanova, Evgeniya"]
[Result "1-0"]
[WhiteElo "2638"]
[BlackElo "2342"]
[PlyCount "41"]
[EventDate "2018.??.??"]
[EventType "swiss"]
[EventCountry "FRA"]
[SourceTitle "Vandoeuvre"]
[TimeControl "5400+30"]
[WhiteClock "0:47:28"]
[BlackClock "0:59:13"]

1. e4 {[%emt 0:00:00]} c5 {[%emt 0:00:00]} 2. Nf3 {[%emt 0:00:18]} d6 {[%emt 0:00:00]} 3. d4 {[%emt 0:00:22]} cxd4 {[%emt 0:00:00]} 4. Nxd4 {[%emt 0:00:33]} Nf6 {[%emt 0:00:00]} 5. Nc3 {[%emt 0:00:07]} a6 {[%emt 0:00:00]} 6. h3 {[%emt 0:00:29]} e5 {[%emt 0:00:08]} 7. Nde2 {[%emt 0:00:08]} h5 {[%emt 0:00:17]} 8. g3 {[%emt 0:00:10]} Be6 {[%emt 0:02:23]} 9. Bg2 {[%emt 0:00:17]} Nbd7 {[%emt 0:00:09]} 10. a4 {[%emt 0:04:07]} Be7 {[%emt 0:01:54]} 11. Be3 {[%emt 0:01:26]} Rb8 {[%emt 0:02:19]} 12. a5 {[%emt 0:04:01]} b5 {[%emt 0:10:23]} 13. axb6 {[%emt 0:01:21]} Nxb6 {[%emt 0:00:08]} 14. b3 {[%emt 0:01:01]} Qc8 {[%emt 0:05:26]} 15. Qd3 {[%emt 0:05:20]} O-O {[%emt 0:02:07]} 16. Qxa6 {[%emt 0:10:02]} Qc7 {[%emt 0:05:03]} 17. Qd3 {[%emt 0:02:22]} Qc8 {[%emt 0:00:48]} 18. Ra7 {[%emt 0:00:28]} Nfd7 {[%emt 0:17:36]} 19. O-O {[%emt 0:02:29]} Rd8 {[%emt 0:02:12]} 20. Nd5 {[%emt 0:04:39]} Bf8 {[%emt 0:01:39]} 21. Rc7 {[%emt 0:01:37]} 1-0

[Event "14th Vandoeuvre Open 2018"]
[Site "?"]
[Date "2018.01.03"]
[Round "4"]
[White "Fedorchuk, Sergey A"]
[Black "Velten, Paul"]
[Result "1-0"]
[WhiteElo "2638"]
[BlackElo "2473"]
[Annotator "TA"]
[PlyCount "45"]
[EventDate "2018.??.??"]
[EventType "swiss"]
[EventCountry "FRA"]
[SourceTitle "Vandoeuvre"]

{[%evp 9,45,61,60,45,45,52,82,50,120,114,123,32,162,148,154,161,166,104,100,87,156,157,185,176,395,392,530,534,538,462,1137,853,842,825,872,586,585,576]} 1. e4 d6 2. d4 Nf6 3. Nc3 Nc6 4. Be3 (4. Nf3 g6 5. Be3 Bg7 6. Qd2 O-O 7. O-O-O a6 8. Bh6 b5 9. Bxg7 Kxg7 10. Qe1 e6 11. e5 Nd5 12. h4 h6 13. g3 Ncb4 14. Nxd5 Nxd5 15. Bg2 Bb7 16. Nh2 {0-1 (62) Berkes,F (2640)-Kadric,D (2562) Paracin 2016}) 4... Ng4 5. Bg5 {[%cal Be3g5,Bg5h4,Bh4g3][%mdl 32]} h6 6. Bh4 {B00: Queen's Fianchetto Defence, Nimzowitsch Defence} g5 7. Bg3 e5 $146 ({Predecessor:} 7... Bg7 8. Nf3 Bd7 9. Bc4 Na5 10. Be2 Nf6 11. h3 O-O {0-1 (22) Lichmann,P (2126)-Solonar,S (2336) Willingen 2001}) 8. Bb5 {White is better.} exd4 (8... Bd7 $14) 9. Qxd4 $16 Qf6 10. e5 ({White should play} 10. Qc4 $16 Bd7 11. Nf3) 10... dxe5 (10... Ngxe5 $14 11. f4 (11. Nd5 Kd8 $11) 11... Nd7 12. Qe4+ Qe6) 11. Qa4 $1 $18 Qe6 12. O-O-O $1 {[%mdl 1024] White has strong compensation.} Bd7 {[#]} 13. Bc4 ({Better is} 13. Rxd7 $1 $18 {[%mdl 512]} Kxd7 (13... Qxd7 14. Nf3) 14. Bxc6+ bxc6 15. h3) 13... Qg6 14. Nb5 Rc8 ({Black should try} 14... Bd6) 15. Nf3 $36 {[%mdl 2048] White has strong initiative.} a6 {[#]} 16. Rxd7 $1 {[%mdl 512]} Kxd7 $2 (16... axb5 17. Bxb5 Kxd7) 17. Na7 $18 {[%cal Bb5a7,Ba7c6,Bc6e5][%mdl 32]} (17. Bxf7 Qxf7 18. Na7 (18. Qxg4+ $2 Qe6 $19) 18... Qe6 $17) 17... Bc5 18. Bd3 {White is clearly winning.} Qe6 19. Nxc6 Nxf2 (19... bxc6 $142 20. Qxg4 (20. Bxa6 Ra8 $15) 20... Qxg4 21. Nxe5+ Ke7 22. Nxg4 Bd6) 20. Ncxe5+ Ke7 21. Re1 {And now Ng6+! would win.} b5 22. Qb3 Qxb3 23. axb3 {Precision: White = 68%, Black = 23%.} 1-0

[Event "14th Vandoeuvre Open 2018"]
[Site "?"]
[Date "2018.01.03"]
[Round "4"]
[White "Turov, Maxim"]
[Black "Gerola, Fausto"]
[Result "1/2-1/2"]
[WhiteElo "2614"]
[BlackElo "2180"]
[Annotator "TA"]
[PlyCount "120"]
[EventDate "2018.??.??"]
[EventType "swiss"]
[EventCountry "FRA"]
[SourceTitle "Vandoeuvre"]

{[%evp 16,120,21,22,21,22,30,26,25,0,-11,-15,-14,-15,18,-3,0,0,0,0,95,27,81,99,131,98,98,102,94,101,84,75,154,131,151,139,131,0,148,-249,-274,-253,-14,-208,-31,-612,-593,-567,-567,-468,0,0,336,0,0,0,0,0,0,-270,-249,-258,-255,-329,-324,-291,-152,-155,-116,-117,-117,-147,-112,-142,-137,-127,-61,-73,-70,-63,-40,-114,-85,-156,0,0,0,0,90,0,27,0,39,-16,0,-15,-8,-34,-8,-58,-18,-12,0,-48,0,-60,0]} 1. Nf3 d5 2. g3 g6 3. Bg2 Bg7 4. O-O Nf6 5. d4 O-O 6. c4 c6 7. Qb3 dxc4 8. Qxc4 Be6 9. Qa4 Nbd7 {D78: Fianchetto Grünfeld: 6 0-0 c6} 10. Nc3 Nb6 11. Qc2 Nfd5 {White has an edge.} 12. Ne4 (12. Rd1 Qc8 13. Bg5 h6 14. Bd2 Nxc3 15. Bxc3 {½-½ (35) Burmakin,V (2556)-Sasikiran,K (2632) Cappelle la Grande 2016}) 12... Bf5 13. Rd1 Nb4 14. Qb1 Rc8 $146 15. a3 Na6 16. Nh4 {[%cal Bf3h4,Bh4f5,Bf5h6][%mdl 32]} Be6 17. b4 c5 (17... Bd5 $11) 18. Ng5 $1 $16 (18. bxc5 Nxc5 19. Nxc5 Rxc5 $14) 18... Bc4 (18... Qd7 $1 $11 {keeps the balance.}) 19. Nf5 $1 (19. bxc5 Nxc5 20. Nf5 Nb3 $17) 19... Bf6 20. Nh6+ (20. bxc5 Nxc5 21. Nh6+ Kg7 $15) 20... Kg7 21. Bxb7 (21. bxc5 Nxc5 22. Be3 Nb3 $15) 21... cxd4 22. Bxc8 Qxc8 23. Qe4 d3 (23... Nc7 $142) 24. exd3 Bd5 25. Qh4 {Nf5+! would kill now.} Bxa1 26. Bf4 $40 {[%mdl 128] Black needs to defend precisely.} ({Only move:} 26. Be3 $1 $16 Bb2 27. Rb1) 26... Bd4 (26... e5 $1 $11 27. Nhxf7 h5 28. Nxe5 Bd4) 27. b5 $2 {[%mdl 8192]} (27. Re1 $1 $16) 27... Nc5 $1 $19 (27... Qc2 28. Nf5+ $1 {[%mdl 512]} Kf6 29. Nxh7+ Ke6 30. Nxf8+ Kxf5 31. Qg5#) 28. Rc1 {intending Be3.} f5 $2 (28... Bxf2+ 29. Kxf2 Nxd3+ 30. Kg1 $19) (28... Rh8 $1 $19 29. Be3 Bxe3 30. fxe3 f6) 29. Nxh7 $2 (29. Be3 $11 {and White has nothing to worry.} Bxe3 30. fxe3) 29... Re8 $2 {[#]} (29... Qe6 $1 $19 30. Ng4 Rh8 31. Qh6+ Kg8) 30. Bg5 $2 {[%mdl 8192] [#]} (30. Rxc5 $1 $15 {[%mdl 512]} Qxc5 31. Nxf5+ $1 {[%mdl 512]} Kg8 32. Qh6 Bxf2+ 33. Kf1 Bg2+ 34. Kxg2 Qxf5 35. Be5 $1 {[%mdl 512]} Qxe5 36. Qxg6+ Qg7 37. Nf6+ $1 {[%mdl 512]} exf6 38. Qxe8+ Qf8 39. Qg6+ Kh8 40. Kxf2) 30... Bxf2+ $1 {[%mdl 512]} 31. Kf1 (31. Kxf2 Nxd3+) 31... Qe6 {Threatens to win with ...Bf3.} ({Weaker is} 31... Kxh7 32. Ng4+ Kg8 33. Nxf2 $11) 32. Bd2 Kxh7 $2 (32... Nb3 $19 33. Bc3+ Bd4 34. Bxd4+ Nxd4 35. Qxd4+ Kxh7) 33. Nf7+ $1 $11 Kg8 $2 {[%mdl 8192]} (33... Kg7 $11 34. Qh6+ Kxf7 35. Qh7+ Kf6 36. Bc3+ Qe5 37. Bxe5+ Kxe5 38. Qg7+ Kd6) 34. Qh8+ $2 (34. Ng5 $18 Qf6 35. Rxc5) 34... Kxf7 35. Qh7+ Kf6 36. Bc3+ {[#]} Qe5 $1 37. Qh4+ $2 {[%mdl 8192]} (37. Bxe5+ $11 {and White stays safe.} Kxe5 38. Qg7+ Kd6 39. d4 (39. Qxg6+ Kd7 $17)) 37... Ke6 $19 38. Bxe5 Nxd3 ({Not} 38... Kxe5 39. d4+ $1 {[%mdl 512]} Bxd4 40. Qf4+ Ke6 41. Qxd4 $14) 39. Rc3 Nxe5 40. Kxf2 Ng4+ (40... Be4 $19 {aiming for ...Nd5.} 41. Rc7 Nd5 42. Rxa7 Nf6 43. Ra6+ Kd5 44. Rxf6 exf6) 41. Ke1 $17 Nc4 42. h3 {[#]} Nge5 $1 43. Qd4 Rb8 44. a4 Rb7 45. g4 fxg4 ({Black should play} 45... Nd6 $17 {Hoping for ...Ne4.} 46. Qe3 Ne4 47. gxf5+ gxf5 48. Qh6+ Nf6) 46. hxg4 $15 Rc7 47. Kf2 Rd7 48. Kg3 (48. Qf4 $1 $15) 48... Bf3 49. Qc5 (49. Rxc4 $142 Rxd4 50. Rxd4) 49... Bd5 $2 (49... Nd2 $17 {Strongly threatening ...Ne4+.} 50. Re3 Ne4+ 51. Rxe4 Bxe4) 50. Qc8 Kf7 (50... Nd6 $5 51. Qg8+ $8 Kf6 52. Qh8+ Ke6 $11) 51. Rc2 Ke6 (51... Kg7 $11) 52. Rf2 (52. Re2 $16) 52... Kd6 53. Rc2 Rc7 54. Qa6+ (54. Qd8+ $14 Rd7 55. Qc8) 54... Kd7 $11 55. a5 Rb7 56. Rc1 e6 57. Rd1 Kc7 58. Rc1 Kd7 59. Rd1 Kc7 60. Rc1 Kd7 {Precision: White = 44%, Black = 31%.} (60... g5 $15) 1/2-1/2

[Event "14th Vandoeuvre Open 2018"]
[Site "?"]
[Date "2018.01.03"]
[Round "4"]
[White "Donchenko, Alexander"]
[Black "Eden, James"]
[Result "1-0"]
[WhiteElo "2580"]
[BlackElo "2332"]
[Annotator "TA"]
[PlyCount "53"]
[EventDate "2018.??.??"]
[EventType "swiss"]
[EventCountry "FRA"]
[SourceTitle "Vandoeuvre"]

{[%evp 14,53,27,33,69,67,67,74,91,86,94,95,108,110,110,106,123,93,93,95,121,118,115,111,111,114,123,120,122,124,117,118,185,195,477,462,526,519,528,522,481,425]} 1. d4 d5 2. c4 c6 3. Nf3 Nf6 4. e3 Bf5 5. Nc3 a6 6. Ne5 {D15: Slav Defence: 4 Nc3 a6 and gambit lines after 4 Nc3 dxc4} Nbd7 7. Qb3 Qc7 8. cxd5 {LiveBook: 44 Games. White has an edge.} cxd5 $146 ({Predecessor:} 8... Nxe5 9. dxe5 Nxd5 10. Nxd5 cxd5 11. Bd2 Qxe5 12. Bc3 Qc7 13. Qxd5 e6 {½-½ (33) So,W (2808)-Carlsen,M (2840) Wijk aan Zee 2017}) 9. Nxd5 Nxd5 10. Qxd5 Nxe5 11. Qxe5 Qxe5 12. dxe5 e6 13. Bd2 Rc8 14. f3 Bc5 15. e4 Bg6 16. Bc3 O-O 17. Bd3 f5 18. exf6 gxf6 19. Ke2 Kf7 20. Rac1 Rfd8 21. Ba5 Re8 22. Rhd1 Bd4 {[#]} (22... Bd6 $16 {is a better defense.}) 23. Bc4 $1 $18 Bxb2 $2 (23... Bc5 {keeps fighting.} 24. Rd7+ Re7) 24. Rd7+ {White is clearly winning.} Kg8 {[#]} 25. Bxe6+ $1 {[%mdl 512]} Kh8 (25... Rxe6 26. Rxc8+) 26. Rxc8 Rxc8 {[#]} 27. Rxh7+ $1 {[%mdl 512] Precision: White = 93%, Black = 19%.} 1-0

[Event "14th Vandoeuvre Open 2018"]
[Site "?"]
[Date "2018.01.03"]
[Round "4"]
[White "Kryakvin, Dmitry"]
[Black "Haub, Thorsten Michael"]
[Result "1-0"]
[WhiteElo "2580"]
[BlackElo "2400"]
[Annotator "TA"]
[PlyCount "73"]
[EventDate "2018.??.??"]
[EventType "swiss"]
[EventCountry "FRA"]
[SourceTitle "Vandoeuvre"]

{[%evp 18,73,70,25,97,92,177,102,103,103,158,156,154,147,180,128,129,116,134,122,154,158,182,147,147,148,170,131,142,105,289,271,449,254,258,267,266,242,354,350,297,334,487,480,439,210,600,597,589,577,512,479,29993,29994,29994,29995,29996,29997]} 1. d4 e6 2. e4 d5 3. Nd2 Nf6 4. e5 Nfd7 5. Bd3 c5 6. c3 Nc6 7. Ne2 a5 8. O-O cxd4 9. cxd4 Nb6 10. f4 {LiveBook: 18 Games} f5 {C06: French Tarrasch: 3...Nf6 4 e5 Nfd7 5 Bd3 main lines} (10... a4 $11 {keeps the balance.}) 11. exf6 $16 gxf6 {[#]} (11... Qxf6 $16 12. Nf3 Bd6) 12. Nf3 $146 (12. f5 $1 $18) ({Predecessor:} 12. f5 e5 13. dxe5 fxe5 14. f6 Bg4 15. f7+ Kd7 16. Nf3 Kc7 17. Bb5 Qd6 18. Bxc6 Bxf3 {0-1 (32) Wessendorf,T (2338)-Haub,T (2427) Germany 2005}) 12... f5 {White is better.} 13. Ne5 Bg7 (13... Nd7 $142) 14. Ng3 O-O 15. Nh5 Nd7 16. Be3 (16. Rf3 $18 Bxe5 17. dxe5 (17. fxe5 Nxd4 18. Rg3+ Kh8 $16)) 16... Nf6 17. Nxf6+ Rxf6 18. Kh1 Rh6 19. g4 Rh3 20. Bf2 Nxe5 21. fxe5 Qg5 22. Bg3 Bd7 23. Rc1 Bh6 $2 (23... Rf8 $16) 24. Rc7 $18 Bc6 $2 (24... Rd8 25. Rxb7 Qxg4 26. Qxg4+ fxg4) 25. Kg2 (25. Rg1 $142 f4 26. Qf1 Rxg3 27. hxg3) 25... Qxg4 26. Qxg4+ fxg4 27. Be2 ({Weaker is} 27. Rxh7 Bb5 $14) ({Not} 27. Bxh7+ Kh8 $16) 27... Be3 (27... Bg5 {was worth a try.} 28. Bf4 (28. Bxg4 Rh6 $18) 28... Bxf4 29. Rxf4 Rh6 30. Rxg4+ Rg6) 28. Bxg4 Rh6 29. Rf6 Re8 (29... Rg6 $142) 30. h4 Kh8 31. Kh3 (31. Kf3 $142 Rxf6+ 32. exf6 Bxd4 33. f7) 31... Rxf6 $2 (31... Bg5) 32. exf6 {[%cal Be5f6,Bf6f7][%mdl 32]} Bxd4 33. f7 Rd8 34. Bxe6 Bg7 (34... Kg7 $18 35. Bd6 Rxd6) 35. Rc8 {White mates.} Rxc8 36. Bxc8 d4 {[#]} 37. Be5 $1 {[%mdl 512] Precision: White = 77%, Black = 23%.} 1-0

[Event "14th Vandoeuvre Open 2018"]
[Site "?"]
[Date "2018.01.03"]
[Round "4"]
[White "Kryakvin, Dmitry"]
[Black "Hingouet, Matthieu"]
[Result "1-0"]
[WhiteElo "2580"]
[BlackElo "2174"]
[Annotator "TA"]
[PlyCount "83"]
[EventDate "2018.??.??"]
[EventType "swiss"]
[EventCountry "FRA"]
[SourceTitle "Vandoeuvre"]

{[%evp 9,82,-5,-8,-13,-8,-14,7,0,20,17,18,20,39,0,39,20,11,2,96,79,103,108,90,97,183,177,150,45,268,48,27,27,35,0,0,0,14,0,0,0,94,107,214,204,219,174,181,241,644,631,1144,1116,1069,1057,1066,1056,1004,990,29993,29994,29994,29995,29995,29996,29996,29995,29995,29996,29996,29997,29997,29998,29998,29999,29999]} 1. d4 Nf6 2. Bg5 d5 3. e3 e6 4. Nd2 Be7 5. Bd3 O-O 6. f4 {D00: 1 d4 d5: Unusual lines} c5 7. c3 Nbd7 8. Ngf3 {The position is equal.} b6 9. Ne5 Bb7 10. Qf3 h6 (10... Nxe5 11. dxe5 Nd7 12. Qh3 g6 {1-0 (23) Indjic,A (2575)-Thybo,J (2465) Warsaw 2017}) 11. Bxf6 Nxf6 (11... Bxf6 {looks sharper.} 12. O-O Be7 13. Qh3 Nxe5 14. fxe5 Qc8) 12. O-O-O $146 {[#]} ({Predecessor:} 12. g4 cxd4 13. exd4 Nd7 14. Nxd7 {1-0 (31) Wang,Y (2455)-Pok,W (2127) Kuala Lumpur 2002}) 12... b5 $1 {[%mdl 512]} 13. g4 {next g5 is good for White.} (13. Bxb5 Qb6) 13... b4 (13... Nd7 $11 {remains equal.}) 14. cxb4 cxd4 15. exd4 Bxb4 {aiming for ...Qa5.} 16. Kb1 Bxd2 (16... Ne4 $16 17. Nxe4 dxe4 18. Bxe4 Bxe4+ 19. Qxe4 Qd5 20. Qxd5 exd5) 17. Rxd2 $18 Ne4 18. Rc2 (18. Rg2 $1 $16) 18... Qa5 $2 {[#]} ({Black should play} 18... Rc8 $14 19. Rxc8 Qxc8) 19. Qe3 $2 (19. g5 $1 $18 {[%mdl 512]}) 19... Rfc8 20. Rhc1 {[%cal Bh1c1,Bc1c2,Bc2g2,Bg2g4][%mdl 32]} Qd8 21. f5 Rxc2 22. Rxc2 exf5 23. gxf5 Rc8 24. Rg2 {Strongly threatening Bxe4.} Qh4 {[#]} (24... Rc7 $11) 25. Qg1 $1 $16 Ng5 (25... Qf6 $16) 26. Rg4 $18 Qh3 27. Bf1 $36 {[%mdl 2048] White is on the roll.} Qh5 {[#] Hoping for ...Nf3!} 28. a3 $1 Nf3 $2 (28... Rf8 29. h4 Nf3 30. Nxf3 (30. Rxg7+ Kh8 $16) 30... Qxf5+ 31. Ka2 Qxf3) 29. Rxg7+ ({Less strong is} 29. Nxf3 Qxf5+ 30. Ka2 Qxf3 $18) 29... Kf8 30. Nd7+ Ke7 31. Qe3+ Kxd7 32. Qe6+ Kc7 33. Rxf7+ Kb8 {[#]} 34. Rxb7+ $1 {[%mdl 512] White mates.} Kxb7 35. Ba6+ Kc7 36. Qxc8+ Kd6 37. Qe6+ Kc7 38. Qe7+ Kc6 39. Qc5+ Kd7 40. Bb5+ Kd8 41. Qd6+ Kc8 42. Ba6# {Precision: White = 71%, Black = 33%.} 1-0

[Event "14th Vandoeuvre Open 2018"]
[Site "?"]
[Date "2018.01.03"]
[Round "4"]
[White "Maiorov, Nikita"]
[Black "Migot, Tangi"]
[Result "1/2-1/2"]
[WhiteElo "2547"]
[BlackElo "2379"]
[Annotator "TA"]
[PlyCount "91"]
[EventDate "2018.??.??"]
[EventType "swiss"]
[EventCountry "FRA"]
[SourceTitle "Vandoeuvre"]

{[%evp 17,91,22,30,0,22,13,49,24,31,43,43,29,17,20,32,0,0,0,2,0,1,17,14,14,21,18,20,14,38,0,112,106,146,146,134,140,206,208,196,206,164,109,109,109,109,109,109,7,16,0,0,0,0,0,0,0,0,0,0,0,0,0,0,0,0,0,0,0,0,0,0,0,0,0,0,0]} 1. d4 Nf6 2. c4 g6 3. g3 Bg7 4. Bg2 d5 5. cxd5 Nxd5 6. Nf3 Nb6 7. Nc3 Nc6 8. e3 {[%cal Be2e3,Be3e4,Be4d5][%mdl 32]} O-O 9. O-O Re8 10. a3 {D76: Fianchetto Grünfeld: Main Line with 7...Nb6} a5 11. d5 Nb8 $146 ({Predecessor:} 11... Bxc3 12. bxc3 Qxd5 13. Nd4 Qc4 14. Nxc6 bxc6 15. e4 Be6 16. Bf4 Rad8 17. Qc1 Rd7 {0-1 (45) Jakovenko,D (2713)-Cheparinov,I (2678) Khanty-Mansiysk 2013}) 12. Nd4 {White is slightly better.} Bd7 13. e4 c6 14. Bf4 cxd5 15. exd5 Na6 16. Ndb5 Bxb5 17. Nxb5 {And now d6 would win.} Qd7 $1 {[%cal Rd7b5]} 18. a4 Red8 {[%cal Rb6d5]} 19. d6 $36 {[%mdl 2048] White is more active.} exd6 20. Bg5 Nc5 21. Bxd8 Rxd8 22. Nc3 d5 23. Re1 {[%cal Bf1e1,Be1e3,Be3e7][%mdl 32]} Bxc3 (23... Qf5 $11 {keeps the balance.}) 24. bxc3 $16 Ncxa4 25. Qd4 $1 Qc6 26. Re3 {[%mdl 1024] White has strong compensation.} Nc4 (26... Rf8 $16) 27. Re7 $18 Nab6 {[#]} 28. Rb1 $1 a4 {[%cal Ba5a4,Ba4a3,Ba3a2][%mdl 32] [#]} 29. Bf1 ({White should play} 29. Bh3 $1 $18) 29... a3 $16 30. Bxc4 $1 Nxc4 31. Rbxb7 Nd6 32. Rbc7 (32. Qf6 $16 {[%cal Re7f7] White wants to mate with Rxf7.} a2 33. Ra7) 32... Qb5 $1 $11 {Hoping for ...a2.The position is equal.} 33. Re1 {Threatens to win with Rc5.} a2 $1 {White must now prevent ...Re8.} 34. Ra7 Qb1 $1 {[%cal Rb1e1]} 35. Rf1 Nb5 $1 {[%cal Rb5d4]} 36. Qb6 Rf8 {Strongly threatening ...Na3!} 37. Rxa2 $1 Qxa2 38. Qxb5 {[%mdl 4096] Endgame KQR-KQR} Rc8 39. Qb7 Qc4 40. Rd1 Qxc3 41. Qxd5 Qc6 42. Qxc6 Rxc6 43. Kg2 Kg7 44. Kg1 Kg8 45. Kg2 Kg7 46. Kg1 {Precision: White = 59%, Black = 75%.} 1/2-1/2

[Event "14th Vandoeuvre Open 2018"]
[Site "?"]
[Date "2018.01.03"]
[Round "4"]
[White "Maiorov, Nikita"]
[Black "Konguvel, Ponnuswamy"]
[Result "1/2-1/2"]
[WhiteElo "2547"]
[BlackElo "2378"]
[Annotator "TA"]
[PlyCount "30"]
[EventDate "2018.??.??"]
[EventType "swiss"]
[EventCountry "FRA"]
[SourceTitle "Vandoeuvre"]

{[%evp 13,30,8,16,0,0,0,0,0,0,0,0,0,0,0,0,0,0,0,0]} 1. d4 Nf6 {[%cal Bg8f6,Bf6d7,Bd7b6][%mdl 32]} 2. c4 g6 3. g3 c6 4. Bg2 d5 5. Qa4 (5. Nf3 Bg7 6. Qb3 O-O 7. O-O Qb6 8. Nc3 Rd8 9. h3 Bf5 10. Bf4 Na6 11. Qxb6 axb6 12. cxd5 Nxd5 13. Nxd5 Rxd5 14. Be5 Bxe5 15. dxe5 Be4 16. Rfd1 Bxf3 17. Bxf3 Rxe5 {0-1 (68) Li,C (2732)-Vachier Lagrave,M (2789) Riadh 2017}) 5... Nfd7 6. cxd5 {D71: Fianchetto Grünfeld: 3 g3 d5 sidelines and 5 cxd5 (without Nf3)} Nb6 7. Qd1 cxd5 {LiveBook: 17 Games. The position is equal.} 8. e3 Nc6 9. Ne2 Bf5 10. Nbc3 Nb4 11. O-O Bc2 $146 12. Qe1 $1 Bd3 13. Qd1 Bc2 14. Qe1 $1 Bd3 15. Qd1 Bc2 1/2-1/2

[Event "14th Vandoeuvre Open 2018"]
[Site "?"]
[Date "2018.01.03"]
[Round "4"]
[White "Mu, Ke"]
[Black "Kryakvin, Dmitry"]
[Result "1/2-1/2"]
[WhiteElo "2436"]
[BlackElo "2580"]
[PlyCount "67"]
[EventDate "2018.??.??"]
[EventType "swiss"]
[EventCountry "FRA"]
[SourceTitle "Vandoeuvre"]
[TimeControl "5400+30"]
[WhiteClock "0:36:41"]
[BlackClock "0:30:54"]

1. c4 {[%emt 0:03:39]} c5 {[%emt 0:00:21]} 2. g3 {[%emt 0:00:11]} Nc6 {[%emt 0:00:17]} 3. Bg2 {[%emt 0:00:06]} g6 {[%emt 0:00:05]} 4. Nc3 {[%emt 0:00:16]} Bg7 {[%emt 0:00:06]} 5. Nf3 {[%emt 0:00:15]} e6 {[%emt 0:00:15]} 6. O-O {[%emt 0:00:42]} Nge7 {[%emt 0:01:37]} 7. d4 {[%emt 0:05:48]} cxd4 {[%emt 0:11:26]} 8. Nb5 {[%emt 0:00:22]} d5 {[%emt 0:02:20]} 9. cxd5 {[%emt 0:00:07]} Nxd5 {[%emt 0:00:32]} 10. Nfxd4 {[%emt 0:02:47]} O-O {[%emt 0:03:53]} 11. e4 {[%emt 0:07:07]} Ndb4 {[%emt 0:07:34]} 12. Be3 {[%emt 0:00:23]} Bd7 {[%emt 0:00:18]} 13. Qb3 {[%emt 0:09:36]} Nxd4 {[%emt 0:19:46]} 14. Nxd4 {[%emt 0:00:08]} Qa5 {[%emt 0:01:07]} 15. Bd2 {[%emt 0:00:41]} Bxd4 {[%emt 0:03:05]} 16. Bxb4 {[%emt 0:02:04]} Qb6 {[%emt 0:00:10]} 17. Bxf8 {[%emt 0:00:50]} Rxf8 {[%emt 0:01:27]} 18. Qxb6 {[%emt 0:07:47]} axb6 {[%emt 0:00:05]} 19. e5 {[%emt 0:00:55]} Bxe5 {[%emt 0:01:06]} 20. Bxb7 {[%emt 0:03:51]} Bxb2 {[%emt 0:02:00]} 21. Rad1 {[%emt 0:02:00]} Bb5 {[%emt 0:02:39]} 22. Rfe1 {[%emt 0:00:08]} Bc3 {[%emt 0:02:19]} 23. Re3 {[%emt 0:00:42]} Ba5 {[%emt 0:00:04]} 24. a3 {[%emt 0:11:02]} Rb8 {[%emt 0:00:45]} 25. Bf3 {[%emt 0:00:05]} Rc8 {[%emt 0:00:52]} 26. Be2 {[%emt 0:00:30]} Ba4 {[%emt 0:01:29]} 27. Rd6 {[%emt 0:02:06]} Kf8 {[%emt 0:01:51]} 28. Rd4 {[%emt 0:02:04]} Rc1+ {[%emt 0:01:18]} 29. Kg2 {[%emt 0:00:26]} Bc6+ {[%emt 0:00:08]} 30. Bf3 {[%emt 0:00:14]} Bb5 {[%emt 0:00:14]} 31. Be2 {[%emt 0:08:29]} Bc6+ {[%emt 0:00:29]} 32. Bf3 {[%emt 0:00:07]} Bb5 {[%emt 0:00:04]} 33. Be2 {[%emt 0:00:08]} Bc6+ {[%emt 0:00:07]} 34. Bf3 1/2-1/2

[Event "14th Vandoeuvre Open 2018"]
[Site "?"]
[Date "2018.01.03"]
[Round "4"]
[White "Sundararajan, Kidambi"]
[Black "Fedorchuk, Sergey A"]
[Result "0-1"]
[WhiteElo "2423"]
[BlackElo "2638"]
[Annotator "TA"]
[PlyCount "74"]
[EventDate "2018.??.??"]
[EventType "swiss"]
[EventCountry "FRA"]
[SourceTitle "Vandoeuvre"]

{[%evp 22,74,39,-10,0,-10,0,-17,-6,-25,-10,-39,-50,-50,-38,-70,-68,-64,-60,-75,-80,-76,-57,-129,-120,-143,-139,-133,-132,-150,-157,-222,-233,-237,-260,-241,-97,-106,-96,-94,-104,-122,-123,-311,-310,-333,-322,-533,-529,-793,-790,-745,-737,-897,-884]} 1. Nf3 Nf6 2. c4 b6 3. g3 c5 4. Bg2 Bb7 5. O-O g6 6. b3 Bg7 7. Bb2 O-O 8. d4 cxd4 9. Qxd4 d6 10. Nc3 Nbd7 11. Qd2 {A30: Symmetrical English: Double Fianchetto and Hedgehog} a6 (11... Rc8 12. Rac1 a6 13. Rfd1 Rc7 14. Nd4 Bxg2 15. Kxg2 Qa8+ 16. f3 Rd8 17. e4 e6 18. Nc2 Ne8 19. Ne3 h5 {1-0 (43) Karjakin,S (2785)-Salem,A (2656) Doha 2016}) 12. Rfd1 {LiveBook: 7 Games} b5 13. cxb5 {The position is equal.} axb5 {[#]} 14. Ne1 $146 ({Predecessor:} 14. Nxb5 Ne4 15. Qc2 Rc8 16. Qb1 Qb6 17. Nfd4 Ndf6 18. f3 {0-1 (36) Nyback,T (2598)-Lobron,E (2547) Sweden 2004}) 14... Bxg2 15. Kxg2 Qb6 16. Nd5 (16. f3 {is interesting.} d5 17. Qd4 Qxd4 18. Rxd4 Rfb8 19. Rb4) 16... Nxd5 17. Bxg7 {[#]} Ne3+ $1 {[%mdl 512]} 18. Qxe3 Qxe3 19. fxe3 Kxg7 20. Nc2 Rfc8 $36 {[%mdl 2048] Black is on the roll.} 21. Nb4 Rc5 22. Rac1 ({White should try} 22. Rd4 $15) 22... Nf6 $1 $17 23. h3 Ne4 24. Kf3 f5 25. g4 Nc3 {...fxg4+ is the strong threat.} 26. Rd2 (26. Rh1 $17) 26... fxg4+ $19 27. hxg4 Rf8+ 28. Kg2 {[#]} Nd5 (28... Rg5 $1 $19 {is more deadly.} 29. Kh3 Ne4) 29. Rxc5 $17 Nxe3+ 30. Kh3 dxc5 {[%mdl 4096] Endgame KRN-KRN} 31. Nc6 Rf6 32. Nxe7 $2 {[#]} (32. Rd7 $17) 32... c4 $1 $19 {[%cal Rc4c3]} 33. bxc4 bxc4 {[%cal Bb5c4,Bc4c3,Bc3c2][%mdl 32]} 34. g5 $2 (34. Rd8) 34... Rf7 {Black is clearly winning.} 35. Nc6 c3 36. Rd3 c2 37. Rc3 Rf1 {Precision: White = 25%, Black = 79%.} 0-1